| 000 | 02021nam a2200445 i 4500 | ||
|---|---|---|---|
| 001 | ebr10897247 | ||
| 003 | CaPaEBR | ||
| 006 | m o d | ||
| 007 | cr cn||||||||| | ||
| 008 | 140729t20142014enk ob 001 0 eng d | ||
| 020 | _z9781472423405 | ||
| 020 | _a9781472423412 (e-book) | ||
| 020 | _z9781472423429 (ePUB) | ||
| 040 |
_aCaPaEBR _beng _erda _epn _cCaPaEBR |
||
| 035 | _a(OCoLC)884647636 | ||
| 043 | _ae------ | ||
| 050 | 1 | 4 |
_aKJE6536 _b.E97 2014eb |
| 082 | 0 | 4 |
_a343.2407/23 _223 |
| 245 | 0 | 4 |
_aThe European Unfair Commercial Practices Directive : _bimpact, enforcement strategies and national legal systems / _cedited by Willem van Boom, Amandine Garde, Orkun Akseli. |
| 264 | 1 |
_aFarnham, England : _bAshgate, _c2014. |
|
| 264 | 4 | _c�2014 | |
| 300 | _a1 online resource (284 pages). | ||
| 336 |
_atext _2rdacontent |
||
| 337 |
_acomputer _2rdamedia |
||
| 338 |
_aonline resource _2rdacarrier |
||
| 490 | 1 | _aMarkets and the Law | |
| 504 | _aIncludes bibliographical references at the end of each chapters and index. | ||
| 588 | _aDescription based on print version record. | ||
| 590 | _aElectronic reproduction. Palo Alto, Calif. : ebrary, 2014. Available via World Wide Web. Access may be limited to ebrary affiliated libraries. | ||
| 650 | 0 |
_aCompetition, Unfair _zEuropean Union countries. |
|
| 650 | 0 |
_aConsumer protection _xLaw and legislation _zEuropean Union countries. |
|
| 655 | 0 | _aElectronic books. | |
| 700 | 1 |
_aBoom, W. H. van, _eeditor. |
|
| 700 | 1 |
_aGarde, Amandine, _eeditor. |
|
| 700 | 1 |
_aAkseli, N. Orkun _q(Nazim Orkun), _eeditor. |
|
| 776 | 0 | 8 |
_iPrint version: _tEuropean Unfair Commercial Practices Directive : impact, enforcement strategies and national legal systems. _dFarnham, England : Ashgate, c2014 _hxi, 271 pages _kMarkets and the law. _z9781472423405 _w2014004136 |
| 797 | 2 | _aebrary. | |
| 830 | 0 | _aMarkets and the law. | |
| 856 | 4 | 0 |
_uhttp://site.ebrary.com/lib/rucke/Doc?id=10897247 _zAn electronic book accessible through the World Wide Web; click to view |
| 999 |
_c74889 _d74889 |
||